00350nam a2200133 a 45000010010000000030011000100080041000210350026000620820014000881000026001022450033001282600038001616500017001990000-9262ELIB.Books110520 1978  a(ELIB.Books)0000-9414 a232 bSch aSchoonover, Melvin E. aWhat if we did follow Jesus? bValley Forge: Judson Press c1978 aJesus Christ